[Event "POL-chT 1st League"]
[Site "Sypniewo"]
[Date "2022.09.06"]
[Round "4.9"]
[White "Chylewski, Patryk"]
[Black "Szymanski, Piotr"]
[Result "1-0"]
[WhiteElo "2291"]
[BlackElo "2227"]
[PlyCount "87"]
[EventDate "2022.09.03"]
[EventType "team-swiss"]
[EventRounds "9"]
[EventCountry "POL"]
[SourceTitle "CBM 210 Extra"]
[Source "ChessBase"]
[SourceDate "2022.11.30"]
[SourceVersion "1"]
[SourceVersionDate "2022.11.30"]
[SourceQuality "1"]
[WhiteTeam "Chylice Laura"]
[BlackTeam "Chroscice Victoria"]
[WhiteTeamCountry "POL"]
[BlackTeamCountry "POL"]

1. e4 d6 2. d4 Nf6 3. Nc3 e5 4. Nge2 Be7 5. h3 exd4 6. Nxd4 Nc6 7. g4 0-0 8. Bg2 Nd7 9. Nxc6 bxc6 10. 0-0 Bf6 11. Ne2 Nb6 12. Nd4 Bd7 13. c3 g6 14. Bh6 Bg7 15. Bxg7 Kxg7 16. f4 f6 17. Qc2 Qe7 18. Rae1 Qf7 19. e5 Rae8 20. e6 Bxe6 21. Bxc6 Bd7 22. Bxd7 Nxd7 23. c4 Rxe1 24. Rxe1 Re8 25. Re2 Nc5 26. f5 a5 27. b3 Qd7 28. a3 Kf7 29. b4 axb4 30. axb4 Nb7 31. Ne6 Nd8 32. fxg6+ hxg6 33. Nf4 f5 34. Rf2 Re5 35. b5 Kg7 36. Qc3 Kh7 37. Qg3 fxg4 38. Nd5 Kg7 39. hxg4 Ne6 40. Qf3 Re1+ 41. Kg2 Kh6 42. Nf6 Qd8 43. Qh3+ Kg7 44. Qh7+ 1-0

[Event "POL-chT 1st League"]
[Site "Sypniewo"]
[Date "2022.09.05"]
[Round "3.6"]
[White "Szymanski, Piotr"]
[Black "Molenda, Marcin"]
[Result "1-0"]
[WhiteElo "2227"]
[BlackElo "2374"]
[PlyCount "151"]
[EventDate "2022.09.03"]
[EventType "team-swiss"]
[EventRounds "9"]
[EventCountry "POL"]
[SourceTitle "CBM 210 Extra"]
[Source "ChessBase"]
[SourceDate "2022.11.30"]
[SourceVersion "1"]
[SourceVersionDate "2022.11.30"]
[SourceQuality "1"]
[WhiteTeam "Chroscice Victoria"]
[BlackTeam "Jastrzebie Zdroj Pionier"]
[WhiteTeamCountry "POL"]
[BlackTeamCountry "POL"]

1. d4 Nf6 2. Nf3 d5 3. c4 e6 4. Qc2 dxc4 5. Qxc4 a6 6. g3 b5 7. Qc2 Bb7 8. Bg2 Nbd7 9. 0-0 c5 10. a4 Qb6 11. axb5 axb5 12. Rxa8+ Bxa8 13. Bg5 Be7 14. Nbd2 0-0 15. dxc5 Bxc5 16. Nb3 Be4 17. Qd2 Be7 18. Rc1 Bd5 19. Be3 Qb7 20. Qc2 Ng4 21. Bd2 Bf6 22. h3 Nge5 23. Nxe5 Nxe5 24. e4 Bc4 25. Na5 Qb6 26. Nxc4 Nxc4 27. Bc3 Rd8 28. Bf1 Bd4 29. Bxc4 bxc4 30. Qe2 Qc5 31. Kg2 h6 32. h4 e5 33. Rc2 Qc6 34. Be1 Rc8 35. Kh2 Qb5 36. Bc3 Rc6 37. Kg2 Kh7 38. Rc1 Bb6 39. Rd1 Rf6 40. f4 Qc5 41. Bxe5 Re6 42. Kh2 f6 43. Bd4 Qc6 44. Bxb6 Qxb6 45. Rd2 Qc5 46. Rc2 Rc6 47. e5 fxe5 48. Qe4+ Kg8 49. fxe5 Re6 50. Rxc4 Qxe5 51. Qxe5 Rxe5 52. b4 Re3 53. Kh3 h5 54. Kg2 Rb3 55. g4 hxg4 56. Rxg4 Kh7 57. Kf2 Kh6 58. Ke2 Kh5 59. Rd4 g5 60. hxg5 Kxg5 61. Kd2 Kf5 62. Kc2 Rh3 63. Rd3 Rh8 64. Kc3 Rc8+ 65. Kb3 Rb8 66. Re3 Kf6 67. Kc4 Rc8+ 68. Kd5 Rb8 69. Rb3 Ke7 70. Kc6 Rh8 71. Kc7 Ke6 72. b5 Kd5 73. b6 Rh7+ 74. Kb8 Kc6 75. b7 Rh1 76. Ra3 1-0

[Event "POL-chT 2nd League"]
[Site "Jastrzebia Gora"]
[Date "2018.09.07"]
[Round "8.4"]
[White "Nowak, Kamil"]
[Black "Szymanski, Piotr"]
[Result "1-0"]
[WhiteElo "2288"]
[BlackElo "2242"]
[PlyCount "63"]
[EventDate "2018.09.01"]
[EventType "team-swiss"]
[EventRounds "9"]
[EventCountry "POL"]
[SourceTitle "CBM 186 Extra"]
[Source "ChessBase"]
[SourceDate "2018.08.24"]
[SourceVersion "1"]
[SourceVersionDate "2018.08.24"]
[SourceQuality "1"]
[WhiteTeam "Wroclaw Polonia"]
[BlackTeam "Chroscice Victoria"]
[WhiteTeamCountry "POL"]
[BlackTeamCountry "POL"]

1. e4 d5 2. exd5 Qxd5 3. Nc3 Qd8 4. d4 Nf6 5. Bc4 Bf5 6. Nf3 e6 7. Ne5 Nbd7 8. Qe2 Nb6 9. g4 Nxc4 10. gxf5 Nxe5 11. dxe5 Nd7 12. fxe6 fxe6 13. Bd2 Bc5 14. 0-0-0 0-0 15. Ne4 Qe7 16. Bg5 Qf7 17. Rxd7 Qxd7 18. Nxc5 Qd5 19. Ne4 Qxa2 20. Nc3 Qa1+ 21. Nb1 Qa4 22. Rg1 Rf7 23. b3 Qd4 24. Rg4 Qxf2 25. Qxf2 Rxf2 26. Bf6 g6 27. h4 Kf7 28. Rd4 Ke8 29. Nc3 a6 30. Ne4 Rf1+ 31. Kb2 Rf4 32. Bg5 1-0

[Event "POL-chT 2nd League"]
[Site "Jastrzebia Gora"]
[Date "2018.09.05"]
[Round "5.80"]
[White "Szymanski, Piotr"]
[Black "Miasik, Adrian"]
[Result "1-0"]
[WhiteElo "2242"]
[BlackElo "1830"]
[PlyCount "87"]
[EventDate "2018.09.01"]
[EventType "team-swiss"]
[EventRounds "9"]
[EventCountry "POL"]
[SourceTitle "CBM 186 Extra"]
[Source "ChessBase"]
[SourceDate "2018.08.24"]
[SourceVersion "1"]
[SourceVersionDate "2018.08.24"]
[SourceQuality "1"]
[WhiteTeam "Chroscice Victoria"]
[BlackTeam "Rzeszow RzKSz"]
[WhiteTeamCountry "POL"]
[BlackTeamCountry "POL"]

1. d4 d5 2. Nf3 e6 3. c4 Nf6 4. Nc3 Be7 5. Bg5 Nbd7 6. e3 c6 7. cxd5 exd5 8. Bd3 h6 9. Bh4 Ne4 10. Bxe7 Qxe7 11. Bxe4 dxe4 12. Nd2 Nf6 13. Qc2 Bf5 14. 0-0 0-0 15. Ne2 Rfe8 16. Rac1 Nd5 17. a3 h5 18. Nc3 Nxc3 19. Qxc3 Qg5 20. Kh1 Re6 21. Qc5 Rg6 22. Rg1 h4 23. f4 Qg4 24. Rce1 h3 25. g3 Qh5 26. Qc4 Bg4 27. Rgf1 Re8 28. b4 Rge6 29. Rf2 g6 30. Rc1 a5 31. Nb3 axb4 32. Qxb4 Qb5 33. Nc5 R6e7 34. Rb2 b6 35. Qc3 Qa5 36. Qxa5 bxa5 37. Rcb1 Rc8 38. Kg1 Bf5 39. Kf2 Kf8 40. Rb8 Ke8 41. Rxc8+ Bxc8 42. Rb6 Rc7 43. Nxe4 Ke7 44. Nc5 1-0

[Event "POL-chT 2nd League"]
[Site "Jastrzebia Gora"]
[Date "2018.09.03"]
[Round "3.80"]
[White "Szymanski, Piotr"]
[Black "Szwaj, Jacek"]
[Result "1-0"]
[WhiteElo "2242"]
[BlackElo "1978"]
[PlyCount "93"]
[EventDate "2018.09.01"]
[EventType "team-swiss"]
[EventRounds "9"]
[EventCountry "POL"]
[SourceTitle "CBM 186 Extra"]
[Source "ChessBase"]
[SourceDate "2018.08.24"]
[SourceVersion "1"]
[SourceVersionDate "2018.08.24"]
[SourceQuality "1"]
[WhiteTeam "Chroscice Victoria"]
[BlackTeam "Warszawa Skoczek Trojanski"]
[WhiteTeamCountry "POL"]
[BlackTeamCountry "POL"]

1. d4 d5 2. Nf3 Nf6 3. c4 e6 4. Nc3 Bb4 5. e3 0-0 6. Bd3 c5 7. 0-0 Nc6 8. a3 Bxc3 9. bxc3 b6 10. cxd5 exd5 11. Ne5 Qc7 12. Nxc6 Qxc6 13. Bd2 Ne4 14. Be1 Bf5 15. f3 Nd6 16. Bxf5 Nxf5 17. Qd3 Ne7 18. e4 f5 19. exf5 c4 20. Qd2 Nxf5 21. g4 Qg6 22. Kh1 Nd6 23. Bg3 Rae8 24. Be5 Nf7 25. Rae1 Qg5 26. Qxg5 Nxg5 27. Kg2 Nf7 28. f4 Re7 29. Rb1 g5 30. Rb5 Nxe5 31. dxe5 Rd8 32. Rd1 Kf7 33. Rbxd5 Rxd5 34. Rxd5 gxf4 35. Kf3 Ke6 36. Ke4 Rf7 37. Rd6+ Ke7 38. Rc6 Rf8 39. Kf3 b5 40. Rd6 a5 41. Rb6 Rd8 42. Rxb5 Rd3+ 43. Kxf4 Rxc3 44. Rxa5 Rb3 45. Rc5 c3 46. Kf5 Rxa3 47. h4 1-0

[Event "POL-chT 1st League"]
[Site "Poronin"]
[Date "2016.09.09"]
[Round "7.4"]
[White "Kolago, Marcin"]
[Black "Szymanski, Piotr"]
[Result "1-0"]
[WhiteElo "2361"]
[BlackElo "2260"]
[PlyCount "111"]
[EventDate "2016.09.03"]
[EventType "team-tourn"]
[EventRounds "9"]
[EventCountry "POL"]
[SourceTitle "CBM 174 Extra"]
[Source "ChessBase"]
[SourceDate "2016.10.10"]
[SourceVersion "1"]
[SourceVersionDate "2016.10.10"]
[SourceQuality "1"]
[WhiteTeam "Pawlowice Gminy"]
[BlackTeam "Chroscice Victoria"]
[WhiteTeamCountry "POL"]
[BlackTeamCountry "POL"]

1. c4 Nf6 2. g3 e6 3. Bg2 d5 4. d4 Be7 5. Nf3 0-0 6. 0-0 c6 7. Nc3 Nbd7 8. b3 b6 9. Bb2 Bb7 10. Rc1 Rc8 11. Ne5 Nxe5 12. dxe5 Nd7 13. cxd5 cxd5 14. Qd4 a6 15. Rfd1 Bc5 16. Qd2 b5 17. e3 Qe7 18. Ne2 Bb4 19. Qd4 Bc5 20. Qd3 Ba3 21. Qb1 h6 22. Nf4 Bxb2 23. Qxb2 Rxc1 24. Rxc1 Rc8 25. Rxc8+ Bxc8 26. Nd3 Bb7 27. Qc3 Qd8 28. Qb4 Qf8 29. Qd4 Qc8 30. b4 Qc6 31. Qh4 f6 32. exf6 Nxf6 33. Qd4 Nd7 34. h4 Qd6 35. Bh3 Kf7 36. Nc5 Nxc5 37. bxc5 Qc6 38. f3 Qc7 39. Kh2 e5 40. Qg4 Qxc5 41. Qe6+ Kf8 42. Qxe5 Qc2+ 43. Bg2 Qc6 44. g4 Bc8 45. g5 hxg5 46. hxg5 g6 47. f4 Bb7 48. Kg3 Kf7 49. Kh4 a5 50. Bh3 b4 51. f5 Qc4+ 52. Bg4 Qc6 53. fxg6+ Kxg6 54. Bh5+ Kh7 55. Qe7+ Kg8 56. Bf7+ 1-0

[Event "POL-chT 2nd League"]
[Site "Szczyrk"]
[Date "2014.09.14"]
[Round "9.55"]
[White "Szymanski, Piotr"]
[Black "Snihur, Piotr"]
[Result "1/2-1/2"]
[WhiteElo "2243"]
[BlackElo "2147"]
[PlyCount "46"]
[EventDate "2014.09.06"]
[EventType "team-swiss"]
[EventRounds "9"]
[EventCountry "POL"]
[SourceTitle "EXT 2015"]
[Source "ChessBase"]
[SourceDate "2014.11.20"]
[SourceVersion "1"]
[SourceVersionDate "2014.11.20"]
[SourceQuality "1"]
[WhiteTeam "Chroscice LZS Victoria"]
[BlackTeam "Konin UKS Smecz"]
[WhiteTeamCountry "POL"]
[BlackTeamCountry "POL"]

1. d4 Nf6 2. Nf3 e6 3. g3 d5 4. Bg2 Be7 5. 0-0 0-0 6. c4 dxc4 7. Qa4 a6 8. Qxc4 b5 9. Qc2 Bb7 10. Bg5 Nbd7 11. Bxf6 Bxf6 12. Nbd2 Ra7 13. Nb3 Qa8 14. Nc5 Nxc5 15. Qxc5 Re8 16. Rac1 Be7 17. Qh5 Be4 18. Rfd1 g6 19. Qe5 Bd6 20. Qf6 Be7 21. Qe5 Bd6 22. Qf6 Be7 23. Qe5 Bd6 1/2-1/2

[Event "POL-chT 2nd League"]
[Site "Szczyrk"]
[Date "2014.09.12"]
[Round "7.73"]
[White "Szymanski, Piotr"]
[Black "Walter, Szymon"]
[Result "1-0"]
[WhiteElo "2243"]
[BlackElo "2019"]
[PlyCount "81"]
[EventDate "2014.09.06"]
[EventType "team-swiss"]
[EventRounds "9"]
[EventCountry "POL"]
[SourceTitle "EXT 2015"]
[Source "ChessBase"]
[SourceDate "2014.11.20"]
[SourceVersion "1"]
[SourceVersionDate "2014.11.20"]
[SourceQuality "1"]
[WhiteTeam "Chroscice LZS Victoria"]
[BlackTeam "Pszczyna PSSz"]
[WhiteTeamCountry "POL"]
[BlackTeamCountry "POL"]

1. d4 Nf6 2. Nf3 e6 3. g3 b6 4. Bg2 Bb7 5. 0-0 Be7 6. c4 0-0 7. Nc3 d6 8. d5 exd5 9. cxd5 c6 10. dxc6 Nxc6 11. Bf4 d5 12. Ne5 Nxe5 13. Bxe5 Ne4 14. Rc1 Rc8 15. e3 Nxc3 16. Bxc3 Bf6 17. Qb3 Bxc3 18. Rxc3 Qf6 19. Rfc1 Rxc3 20. Qxc3 Qe6 21. Qd4 Rd8 22. Rc7 Rd7 23. Rxb7 Rxb7 24. Bxd5 Rd7 25. Bxe6 Rxd4 26. exd4 fxe6 27. Kg2 Kf7 28. Kf3 Ke7 29. Ke4 Kd6 30. b4 b5 31. a3 g5 32. g4 h6 33. h3 a6 34. f3 Kd7 35. Ke5 Ke7 36. f4 gxf4 37. Kxf4 Kf6 38. h4 Kg6 39. Ke5 Kf7 40. g5 hxg5 41. hxg5 1-0

[Event "EU-ch rapid"]
[Site "Warsaw"]
[Date "2013.12.14"]
[Round "6"]
[White "Druska, Juraj"]
[Black "Szymanski, Piotr"]
[Result "1-0"]
[WhiteElo "2370"]
[BlackElo "2243"]
[PlyCount "79"]
[EventDate "2013.12.14"]
[EventType "swiss (rapid)"]
[EventRounds "11"]
[EventCountry "POL"]
[SourceTitle "CBM 157 Extra"]
[Source "ChessBase"]
[SourceDate "2013.12.19"]
[SourceVersion "1"]
[SourceVersionDate "2013.12.19"]
[SourceQuality "1"]

1. e4 d6 2. d4 Nf6 3. Nc3 e5 4. Nf3 Nbd7 5. Bc4 Be7 6. 0-0 0-0 7. Re1 c6 8. a4 b6 9. b3 Bb7 10. Ba3 a6 11. Bd3 b5 12. axb5 axb5 13. Ne2 Re8 14. Ng3 Bf8 15. Qd2 g6 16. Bb2 Qc7 17. Bc3 exd4 18. Nxd4 Bg7 19. Nf3 Nc5 20. b4 Nxd3 21. cxd3 Rxa1 22. Rxa1 Ra8 23. e5 Rxa1+ 24. Bxa1 Nd5 25. exd6 Qxd6 26. Bxg7 Kxg7 27. Qg5 Kg8 28. Nf5 Qxb4 29. Nh6+ Kg7 30. Nf5+ Kg8 31. Nh6+ Kf8 32. g3 Qe7 33. Qd2 Qf6 34. Ng5 Qa1+ 35. Kg2 c5 36. Kh3 Qf1+ 37. Kh4 Qa1 38. Nhxf7 Qd4+ 39. f4 Ne7 40. Ne6+ 1-0

[Event "POL-chT2"]
[Site "Poronin"]
[Date "2013.09.15"]
[Round "9.61"]
[White "Borgula, Rafal"]
[Black "Szymanski, Piotr"]
[Result "1/2-1/2"]
[WhiteElo "2290"]
[BlackElo "2234"]
[PlyCount "75"]
[EventDate "2013.09.06"]
[EventType "team-swiss"]
[EventRounds "9"]
[EventCountry "POL"]
[SourceTitle "EXT 2015"]
[Source "ChessBase"]
[SourceDate "2014.11.20"]
[SourceVersion "1"]
[SourceVersionDate "2014.11.20"]
[SourceQuality "1"]
[WhiteTeam "Znin Baszta II"]
[BlackTeam "Chroscice LZS Victoria"]
[WhiteTeamCountry "POL"]
[BlackTeamCountry "POL"]

1. d4 d6 2. e4 Nf6 3. Nc3 e5 4. Nf3 Nbd7 5. Bc4 Be7 6. 0-0 0-0 7. h3 c6 8. a4 b6 9. Be3 Bb7 10. Qe2 a6 11. Rfd1 b5 12. dxe5 dxe5 13. axb5 axb5 14. Rxa8 Qxa8 15. Bb3 b4 16. Nb1 Ba6 17. Bc4 Bxc4 18. Qxc4 Qb7 19. Nbd2 h6 20. Nh4 Ra8 21. Nf5 Bf8 22. Qd3 Qb5 23. Nc4 Nc5 24. Bxc5 Qxc5 25. b3 g6 26. Ng3 Kg7 27. c3 bxc3 28. Qxc3 Ra2 29. Rd2 Rxd2 30. Qxd2 Qb5 31. Qd3 Bc5 32. Ne2 Ba7 33. Qf3 Qc5 34. g3 Qb5 35. Kg2 Qc5 36. Kg1 Qb5 37. Kg2 Qc5 38. Kg1 1/2-1/2

[Event "POL-chT2"]
[Site "Poronin"]
[Date "2013.09.07"]
[Round "1.67"]
[White "Plonczak, Dominik"]
[Black "Szymanski, Piotr"]
[Result "1/2-1/2"]
[WhiteElo "2193"]
[BlackElo "2234"]
[PlyCount "82"]
[EventDate "2013.09.06"]
[EventType "team-swiss"]
[EventRounds "9"]
[EventCountry "POL"]
[SourceTitle "EXT 2015"]
[Source "ChessBase"]
[SourceDate "2014.11.20"]
[SourceVersion "1"]
[SourceVersionDate "2014.11.20"]
[SourceQuality "1"]
[WhiteTeam "Kornik MUKS Wieza Kornicka"]
[BlackTeam "Chroscice LZS Victoria"]
[WhiteTeamCountry "POL"]
[BlackTeamCountry "POL"]

1. Nf3 Nf6 2. d4 d6 3. Bf4 Bg4 4. Nbd2 Nbd7 5. c3 c6 6. h3 Bh5 7. Qb3 Qc7 8. e3 e5 9. Bh2 Be7 10. Nh4 Bg6 11. Nxg6 hxg6 12. Bd3 Qb6 13. Nc4 Qc7 14. a4 Nd5 15. a5 0-0 16. 0-0 b5 17. axb6 axb6 18. Nd2 Qb7 19. Rae1 Kh7 20. f4 exf4 21. e4 N5f6 22. Rxf4 Kg8 23. Rff1 b5 24. Nf3 Qa7 25. Kh1 Qa4 26. Bc2 Qxb3 27. Bxb3 Nh7 28. Ra1 Nb6 29. Rxa8 Rxa8 30. Nd2 d5 31. exd5 cxd5 32. Re1 Bf8 33. Nf3 Nf6 34. Ng5 Nc4 35. Bxc4 bxc4 36. Bf4 Nh5 37. Bc1 Bd6 38. Nf3 Rb8 39. Ne5 Ra8 40. g4 Nf6 41. Kg2 Re8 1/2-1/2

[Event "POL-chT 2nd League"]
[Site "Mrzezyno"]
[Date "2011.09.08"]
[Round "6"]
[White "Sendera, Jaroslaw"]
[Black "Szymanski, Piotr"]
[Result "1-0"]
[WhiteElo "2318"]
[BlackElo "2217"]
[PlyCount "66"]
[EventDate "2011.09.03"]
[EventType "team-swiss"]
[EventRounds "9"]
[EventCountry "POL"]
[SourceTitle "EXT 2015"]
[Source "ChessBase"]
[SourceDate "2014.11.20"]
[SourceVersion "1"]
[SourceVersionDate "2014.11.20"]
[SourceQuality "1"]
[WhiteTeam "Przemysl MKS Polonia"]
[BlackTeam "Otwock UKS MDK"]
[WhiteTeamCountry "POL"]
[BlackTeamCountry "POL"]

1. e4 g6 2. d4 Bg7 3. Nc3 d6 4. f4 a6 5. Nf3 b5 6. Bd3 Bb7 7. 0-0 e6 8. f5 exf5 9. exf5 Nf6 10. fxg6 hxg6 11. Bg5 Nbd7 12. Qd2 c5 13. Rae1+ Kf8 14. Be4 Qb6 15. Bxb7 Qxb7 16. dxc5 dxc5 17. Ne5 Nxe5 18. Bxf6 Bxf6 19. Rxf6 Kg7 20. Qd6 Nc4 21. Rxg6+ fxg6 22. Re7+ Qxe7 23. Qxe7+ Kh6 24. Qh4+ Kg7 25. Qe7+ Kh6 26. Nd5 Rhf8 27. Nf6 Rad8 28. h4 Rxf6 29. Qxf6 Re8 30. Qxa6 Ne3 31. Qxb5 Re5 32. Qb8 Re7 33. Qf8+ Rg7 1-0

[Event "POL-chT 2nd League"]
[Site "Mrzezyno"]
[Date "2011.09.04"]
[Round "2"]
[White "Tymrakiewicz, Rafal"]
[Black "Szymanski, Piotr"]
[Result "0-1"]
[WhiteElo "2322"]
[BlackElo "2217"]
[PlyCount "70"]
[EventDate "2011.09.03"]
[EventType "team-swiss"]
[EventRounds "9"]
[EventCountry "POL"]
[SourceTitle "EXT 2015"]
[Source "ChessBase"]
[SourceDate "2014.11.20"]
[SourceVersion "1"]
[SourceVersionDate "2014.11.20"]
[SourceQuality "1"]
[WhiteTeam "Chroscice LZS Victoria"]
[BlackTeam "Otwock UKS MDK"]
[WhiteTeamCountry "POL"]
[BlackTeamCountry "POL"]

1. d4 Nf6 2. Nf3 e6 3. Bg5 d5 4. e3 Be7 5. Nbd2 h6 6. Bh4 c5 7. c3 0-0 8. Bd3 b6 9. Ne5 Nfd7 10. Bg3 Nxe5 11. dxe5 Ba6 12. Bb1 Nd7 13. Nf3 Re8 14. h4 f6 15. Qc2 Nf8 16. Bf4 fxe5 17. Nxe5 Bf6 18. Rh3 d4 19. Qe4 dxc3 20. bxc3 Qd5 21. Bc2 Rad8 22. Rd1 Qxa2 23. Qa4 Qxa4 24. Bxa4 b5 25. Bb3 c4 26. Bc2 Rd5 27. e4 Rxe5 28. Bxe5 Bxe5 29. Ra1 Bb7 30. Rxa7 Bc6 31. Re3 b4 32. cxb4 Bd4 33. Rc7 Bxe3 34. Rxc6 Bd4 35. Rxc4 e5 0-1

[Event "POL-chT 2nd League"]
[Site "Mrzezyno"]
[Date "2011.09.03"]
[Round "1"]
[White "Szymanski, Piotr"]
[Black "Rymaszewski, Dariusz"]
[Result "1-0"]
[WhiteElo "2217"]
[BlackElo "2204"]
[PlyCount "88"]
[EventDate "2011.09.03"]
[EventType "team-swiss"]
[EventRounds "9"]
[EventCountry "POL"]
[SourceTitle "EXT 2015"]
[Source "ChessBase"]
[SourceDate "2014.11.20"]
[SourceVersion "1"]
[SourceVersionDate "2014.11.20"]
[SourceQuality "1"]
[WhiteTeam "Otwock UKS MDK"]
[BlackTeam "Torun AZS UMK"]
[WhiteTeamCountry "POL"]
[BlackTeamCountry "POL"]

1. d4 g6 2. e4 Bg7 3. Nc3 c5 4. Be3 Qa5 5. Nge2 Nf6 6. Qd2 d6 7. f3 Nc6 8. d5 Ne5 9. Ng3 a6 10. Be2 b5 11. 0-0 0-0 12. a4 Nc4 13. Bxc4 bxc4 14. Bh6 Rb8 15. Bxg7 Kxg7 16. Rab1 Rb4 17. f4 Qc7 18. Rfe1 Bd7 19. e5 Ng8 20. e6 fxe6 21. dxe6 Bc6 22. f5 d5 23. Nxd5 Bxd5 24. Qxd5 Nf6 25. Qd2 c3 26. Qxc3 Rxa4 27. Rbd1 Qa5 28. Qe3 Rd4 29. c3 Rxd1 30. Rxd1 Qa4 31. Rf1 Qc4 32. fxg6 Ng4 33. Qg5 Rxf1+ 34. Nxf1 Qxe6 35. gxh7+ Kxh7 36. Qxc5 Qe2 37. h3 Nf6 38. Qf2 Qd3 39. Qe3 Qd6 40. Ng3 Kg6 41. Ne4 Qe6 42. Qg3+ Kf5 43. Nxf6 Kxf6 44. Qf4+ Kg6 1-0

[Event "POL-chT 2st League"]
[Site "Mrzezyno"]
[Date "2010.09.08"]
[Round "5.73"]
[White "Szymanski, Piotr"]
[Black "Cyfka, Karina"]
[Result "0-1"]
[WhiteElo "2227"]
[BlackElo "2303"]
[PlyCount "82"]
[EventDate "2010.09.04"]
[EventType "team-swiss"]
[EventRounds "9"]
[EventCountry "POL"]
[SourceTitle "EXT 2019"]
[Source "ChessBase"]
[SourceDate "2018.10.10"]
[SourceVersion "1"]
[SourceVersionDate "2018.10.10"]
[SourceQuality "1"]
[WhiteTeam "Lomza Devo Maraton"]
[BlackTeam "Rybnik MKSz"]
[WhiteTeamCountry "POL"]
[BlackTeamCountry "POL"]

1. d4 Nf6 2. Nf3 d6 3. c4 Nbd7 4. Nc3 e5 5. e4 Be7 6. Be2 0-0 7. 0-0 c6 8. h3 a6 9. a4 a5 10. Be3 exd4 11. Nxd4 Nc5 12. Qc2 Re8 13. Rad1 Qc7 14. Nf5 Bf8 15. Ng3 h6 16. Bd4 Nfd7 17. f4 Na6 18. Bf3 Ndc5 19. Qf2 Be6 20. Be2 f6 21. Rfe1 Bf7 22. Bh5 Bxh5 23. Nxh5 Qf7 24. Qe2 f5 25. e5 Ne6 26. Be3 dxe5 27. fxe5 Bc5 28. Bxc5 Naxc5 29. Ng3 Qg6 30. Qf2 Rf8 31. Rd6 Kh7 32. Kh2 Rad8 33. Red1 f4 34. Nge2 Rxd6 35. exd6 Nd3 36. Qf3 Nxb2 37. Rb1 Nxc4 38. Rxb7 Nxd6 39. Rd7 Nc4 40. Re7 Ng5 41. Qg4 Ne3 0-1

[Event "POL-chT 2nd League"]
[Site "Miedzyzdroje"]
[Date "2009.09.18"]
[Round "7"]
[White "Szymanski, Piotr"]
[Black "Fudalej, Michal"]
[Result "1/2-1/2"]
[WhiteElo "2218"]
[BlackElo "2289"]
[PlyCount "28"]
[EventDate "2009.09.12"]
[EventType "team-swiss"]
[EventRounds "9"]
[EventCountry "POL"]
[SourceTitle "EXT 2019"]
[Source "ChessBase"]
[SourceDate "2018.10.10"]
[SourceVersion "1"]
[SourceVersionDate "2018.10.10"]
[SourceQuality "1"]
[WhiteTeam "Lomza Devo Maraton"]
[BlackTeam "Mikolow AKS"]
[WhiteTeamCountry "POL"]
[BlackTeamCountry "POL"]

1. d4 Nf6 2. Nf3 c6 3. c4 g6 4. g3 Bg7 5. Bg2 d6 6. 0-0 0-0 7. b3 Qa5 8. Qd2 Qh5 9. Qg5 Qxg5 10. Bxg5 Ne4 11. Bc1 c5 12. Bb2 Nc6 13. Rd1 Bg4 14. Nbd2 Nxd2 1/2-1/2

[Event "POL-chT 2nd League"]
[Site "Miedzyzdroje"]
[Date "2009.09.16"]
[Round "5"]
[White "Szymanski, Piotr"]
[Black "Latas, Boguslaw"]
[Result "0-1"]
[WhiteElo "2218"]
[BlackElo "2293"]
[PlyCount "128"]
[EventDate "2009.09.12"]
[EventType "team-swiss"]
[EventRounds "9"]
[EventCountry "POL"]
[SourceTitle "EXT 2019"]
[Source "ChessBase"]
[SourceDate "2018.10.10"]
[SourceVersion "1"]
[SourceVersionDate "2018.10.10"]
[SourceQuality "1"]
[WhiteTeam "Lomza Devo Maraton"]
[BlackTeam "Pawlowice GKS Pniowek 74"]
[WhiteTeamCountry "POL"]
[BlackTeamCountry "POL"]

1. d4 Nf6 2. Nf3 g6 3. g3 Bg7 4. Bg2 0-0 5. 0-0 d6 6. Nbd2 Nc6 7. e4 Bg4 8. d5 Nb8 9. h3 Bd7 10. Qe2 c6 11. dxc6 Nxc6 12. c4 Qa5 13. Nb3 Qa6 14. Re1 Be6 15. Bf1 Rac8 16. Ng5 Nd8 17. Nxe6 Nxe6 18. Bd2 Nd7 19. Be3 Ne5 20. Rec1 Qa4 21. f4 Nc6 22. Rd1 Nb4 23. Qd2 b5 24. f5 bxc4 25. fxe6 cxb3 26. exf7+ Rxf7 27. axb3 Qxb3 28. Ra3 Qc2 29. Rc1 Qxc1 30. Qxc1 Rxc1 31. Bxc1 Nc2 32. Bc4 Bd4+ 33. Kg2 Nxa3 34. bxa3 Kf8 35. Bxf7 Kxf7 36. Kf3 Ke6 37. Ke2 d5 38. Kd3 Bc5 39. a4 Bd6 40. g4 Bc5 41. Bb2 Kd6 42. Bc3 e6 43. Bb2 Bg1 44. Bg7 Bh2 45. Bb2 a6 46. Bf6 dxe4+ 47. Kxe4 Kc5 48. Bc3 Kc4 49. Bd2 Bd6 50. h4 Kb3 51. a5 Bb4 52. Bg5 Bxa5 53. Ke5 Bc3+ 54. Kxe6 a5 55. h5 a4 56. Be7 gxh5 57. gxh5 Bb4 58. Bf6 a3 59. h6 Bc3 60. Bxc3 Kxc3 61. Kf7 a2 62. Kg7 a1Q 63. Kxh7 Qa7+ 64. Kg6 Qb8 0-1

[Event "POL-chT 2nd League"]
[Site "Miedzyzdroje"]
[Date "2009.09.12"]
[Round "1"]
[White "Szymanski, Piotr"]
[Black "Sadzikowski, Daniel"]
[Result "1/2-1/2"]
[WhiteElo "2218"]
[BlackElo "2264"]
[PlyCount "56"]
[EventDate "2009.09.12"]
[EventType "team-swiss"]
[EventRounds "9"]
[EventCountry "POL"]
[SourceTitle "EXT 2019"]
[Source "ChessBase"]
[SourceDate "2018.10.10"]
[SourceVersion "1"]
[SourceVersionDate "2018.10.10"]
[SourceQuality "1"]
[WhiteTeam "Lomza Devo Maraton"]
[BlackTeam "Chrzanow UKS SP 8 U19"]
[WhiteTeamCountry "POL"]
[BlackTeamCountry "POL"]

1. d4 Nf6 2. Nf3 g6 3. g3 Bg7 4. Bg2 0-0 5. 0-0 d6 6. Nc3 Na6 7. e4 c5 8. h3 Nd7 9. Be3 Rb8 10. a4 Nc7 11. Qd2 b6 12. Rfd1 Bb7 13. Bh6 a6 14. b3 b5 15. axb5 axb5 16. Bxg7 Kxg7 17. dxc5 Nxc5 18. e5 b4 19. exd6 Qxd6 20. Qxd6 exd6 21. Na4 Nb5 22. Nd4 Bxg2 23. Kxg2 Nxd4 24. Rxd4 Rfc8 25. Rxd6 Nxa4 26. Rxa4 Rxc2 27. Rd4 Rc3 28. Raxb4 Rxb3 1/2-1/2